[Event "Russian Higher League 2020"]
[Site "?"]
[Date "2020.10.16"]
[Round "8.10"]
[White "Zabotin, Alexander"]
[Black "Goryachkina, Aleksandra"]
[Result "0-1"]
[WhiteElo "2486"]
[BlackElo "2582"]
[PlyCount "50"]
[EventDate "2020.??.??"]

1. d4 d5 2. c4 e6 3. Nc3 Nf6 4. Nf3 c6 5. e3 Nbd7 6. Qc2 Bd6 7. b3 O-O 8. Be2
b6 9. O-O Bb7 10. Bb2 Re8 11. Rad1 Rc8 12. e4 Nxe4 13. Nxe4 dxe4 14. Qxe4 Nf6
15. Qh4 h6 16. Ne5 Qc7 17. Bf3 c5 18. Bxb7 Qxb7 19. Ng4 Nxg4 20. Qxg4 cxd4 21.
Bxd4 Bf8 22. a4 Red8 23. Be5 Qe7 24. Rxd8 Rxd8 25. Rd1 Qg5 0-1

[Event "Russian Higher League 2020"]
[Site "?"]
[Date "2020.10.16"]
[Round "8.11"]
[White "Sarana, Alexey"]
[Black "Lintchevski, Daniil"]
[Result "1/2-1/2"]
[WhiteElo "2657"]
[BlackElo "2559"]
[PlyCount "135"]
[EventDate "2020.??.??"]

1. c4 c6 2. Nf3 d5 3. d4 Nf6 4. Nc3 a6 5. e3 b5 6. b3 Bg4 7. h3 Bxf3 8. Qxf3 e5
9. dxe5 Bb4 10. Bd2 Bxc3 11. Bxc3 Ne4 12. Bb4 bxc4 13. e6 fxe6 14. bxc4 Nd7 15.
cxd5 cxd5 16. Bd3 Rb8 17. Bxe4 Rxb4 18. Qh5+ Kf8 19. Bd3 g6 20. Qd1 a5 21. O-O
Kg7 22. a3 Rb2 23. Qc1 Rb3 24. Qc2 a4 25. Rab1 Qc8 26. Rxb3 Qxc2 27. Bxc2 axb3
28. Bxb3 Nc5 29. Bc2 Ra8 30. Ra1 e5 31. Kf1 d4 32. Ke2 Rd8 33. exd4 exd4 34.
Kd2 Ra8 35. a4 Kf6 36. Ra3 Ra5 37. h4 Ke5 38. h5 gxh5 39. Rh3 Kf6 40. Rf3+ Ke6
41. Rf4 Nxa4 42. Rxd4 Nc5 43. Rh4 h6 44. Rc4 Kf6 45. g3 Ne6 46. Rc6 Ke7 47. Ke3
Re5+ 48. Be4 Ra5 49. Rb6 Ra3+ 50. Kd2 Nc5 51. Bc2 Ra6 52. Rb5 Kd6 53. Bg6 Ra2+
54. Ke1 Ra1+ 55. Ke2 h4 56. gxh4 Ne6 57. Rb6+ Ke5 58. Bb1 Nf4+ 59. Kd2 Nd5 60.
Rb8 Ra4 61. h5 Rd4+ 62. Ke1 Rh4 63. Bg6 Nf4 64. Rb6 Rh1+ 65. Kd2 Nxg6 66. hxg6
Rg1 67. Ke3 Kf5 68. g7 1/2-1/2

[Event "Russian Higher League 2020"]
[Site "?"]
[Date "2020.10.16"]
[Round "8.12"]
[White "Samusenko, Maksim"]
[Black "Zvjaginsev, Vadim"]
[Result "1/2-1/2"]
[WhiteElo "2459"]
[BlackElo "2617"]
[PlyCount "80"]
[EventDate "2020.??.??"]

1. d4 Nf6 2. Bf4 d6 3. Nc3 Nbd7 4. Nf3 c5 5. e3 g6 6. Be2 Bg7 7. h3 O-O 8. O-O
a6 9. a4 b6 10. d5 Rb8 11. Re1 Ne8 12. e4 Ne5 13. Qd2 Nxf3+ 14. Bxf3 b5 15.
axb5 axb5 16. Bh6 b4 17. Nd1 e5 18. dxe6 Bxe6 19. Bxg7 Kxg7 20. Ne3 Qf6 21. c3
bxc3 22. bxc3 Rd8 23. Ra7 h5 24. Be2 Kg8 25. Bc4 Bxc4 26. Nxc4 Qe6 27. Ne3 Nf6
28. f3 d5 29. exd5 Nxd5 30. Nxd5 Rxd5 31. Rxe6 Rxd2 32. Ree7 Rc2 33. Rac7 Rxc3
34. Re5 Rc1+ 35. Kh2 c4 36. Rec5 Kg7 37. Rxc4 Rxc4 38. Rxc4 Re8 39. h4 Re7 40.
Kg3 Ra7 1/2-1/2

[Event "Russian Higher League 2020"]
[Site "?"]
[Date "2020.10.16"]
[Round "8.13"]
[White "Kobalia, Mikhail"]
[Black "Iljiushenok, Ilia"]
[Result "0-1"]
[WhiteElo "2614"]
[BlackElo "2515"]
[PlyCount "82"]
[EventDate "2020.??.??"]

1. e4 e6 2. d4 d5 3. Nc3 Bb4 4. e5 c5 5. a3 Bxc3+ 6. bxc3 Ne7 7. a4 Qc7 8. Nf3
b6 9. Bb5+ Bd7 10. Bd3 Bc8 11. O-O Ba6 12. Bxa6 Nxa6 13. Qe2 Nb8 14. c4 dxc4
15. dxc5 bxc5 16. Qe4 O-O 17. Ra3 Qc6 18. Qg4 Nd7 19. Re1 Rab8 20. h4 c3 21.
Rxc3 Rb4 22. Qh5 Nf5 23. a5 h6 24. Nh2 Rxh4 25. Qe2 Rb8 26. g4 Nd4 27. Qd3 Qd5
28. Qg3 Ne2+ 29. Rxe2 Qd1+ 30. Kg2 Rxh2+ 31. Kxh2 Qxe2 32. Be3 Rb4 33. Kh3 Rb1
34. Qg2 Nxe5 35. Bxc5 Ng6 36. Be3 f5 37. Rb3 fxg4+ 38. Kh2 Rf1 39. Rb8+ Kh7 40.
Rb7 a6 41. Rd7 Qb5 0-1

[Event "Russian Higher League 2020"]
[Site "?"]
[Date "2020.10.16"]
[Round "8.15"]
[White "Rozum, Ivan"]
[Black "Nesterov, Arseniy"]
[Result "1-0"]
[WhiteElo "2566"]
[BlackElo "2510"]
[PlyCount "79"]
[EventDate "2020.??.??"]

1. c4 e5 2. Nc3 Bb4 3. Qb3 Nc6 4. Nf3 d6 5. e3 Nf6 6. d4 exd4 7. Nxd4 Nxd4 8.
exd4 Bxc3+ 9. Qxc3 O-O 10. f3 Nh5 11. g3 f5 12. Bd2 f4 13. Kf2 Qf6 14. Rg1 Bg4
15. Bg2 fxg3+ 16. hxg3 Qg6 17. Rae1 c5 18. dxc5 dxc5 19. Re5 h6 20. f4 Nf6 21.
Bxb7 Rad8 22. Bd5+ Rxd5 23. cxd5 Ne4+ 24. Rxe4 Qxe4 25. Re1 Qxd5 26. Re7 Rf6
27. Qe3 Re6 28. Rxe6 Bxe6 29. Bc3 Bg4 30. Kg1 Qxa2 31. Qe8+ Kh7 32. Qe4+ Kg8
33. Qg6 Qf7 34. Qxg4 Qe7 35. Qc8+ Kh7 36. Qf5+ Kh8 37. Qe5 Qf8 38. Qe6 Kh7 39.
f5 c4 40. Kh2 1-0

[Event "Russian Higher League 2020"]
[Site "?"]
[Date "2020.10.16"]
[Round "8.16"]
[White "Sviridov, Valery"]
[Black "Murzin, Volodar"]
[Result "1-0"]
[WhiteElo "2558"]
[BlackElo "2465"]
[PlyCount "113"]
[EventDate "2020.??.??"]

1. Nf3 Nf6 2. c4 g6 3. g3 Bg7 4. Bg2 O-O 5. O-O d6 6. d4 Nbd7 7. Qc2 e5 8. Rd1
Re8 9. Nc3 a6 10. e4 exd4 11. Nxd4 Ne5 12. c5 Bd7 13. f4 Nc4 14. b3 dxc5 15.
Nf3 Nb6 16. e5 Ng4 17. Ne4 Qc8 18. Nxc5 Bc6 19. h3 Nh6 20. Qf2 Nf5 21. Bb2 Nd5
22. Re1 b6 23. Ne4 Qb7 24. Nd4 Nxd4 25. Bxd4 Rad8 26. Rad1 Qa8 27. g4 Rd7 28.
f5 Qd8 29. e6 Bxd4 30. exf7+ Rxf7 31. Rxd4 gxf5 32. gxf5 h6 33. Nc3 Rxe1+ 34.
Qxe1 Qe7 35. Qg3+ Rg7 36. Nxd5 Bxd5 37. Bxd5+ Kh8 38. Rg4 Qc5+ 39. Kh2 Rxg4 40.
hxg4 Qxd5 41. Qxc7 Qd2+ 42. Kh3 Qe3+ 43. Qg3 Qc5 44. Qe1 Qc6 45. Qe6 Qf3+ 46.
Kh4 Qh1+ 47. Kg3 Qg1+ 48. Kf4 Qd4+ 49. Qe4 Qd8 50. Qe5+ Kh7 51. Ke4 Qd2 52.
Qe7+ Kg8 53. Qe6+ Kh7 54. Qg6+ Kh8 55. Qxb6 Qe2+ 56. Kd5 Qf3+ 57. Kc5 1-0

[Event "Russian Higher League 2020"]
[Site "?"]
[Date "2020.10.16"]
[Round "8.17"]
[White "Lobanov, Sergei"]
[Black "Ovchinnikov, Vsevolod"]
[Result "1-0"]
[WhiteElo "2510"]
[BlackElo "2349"]
[PlyCount "111"]
[EventDate "2020.??.??"]

1. e4 e6 2. d4 d5 3. Nc3 Bb4 4. e5 c5 5. a3 Bxc3+ 6. bxc3 Ne7 7. h4 Qa5 8. Bd2
Qa4 9. h5 b6 10. h6 gxh6 11. Bxh6 Ba6 12. g4 Bxf1 13. Kxf1 Nd7 14. Ne2 Rc8 15.
Rc1 Qxa3 16. Ra1 Qb2 17. Rxa7 Nc6 18. Ra1 Na5 19. Rc1 Qb5 20. f3 cxd4 21. cxd4
Rc3 22. Kf2 Ra3 23. Qd2 Rg8 24. Qf4 Qc4 25. Bg5 Nf8 26. Ra1 Rxa1 27. Rxa1 Rg6
28. Qd2 Nd7 29. Bh4 Kf8 30. Nf4 Rg8 31. Nh5 Rg6 32. Kg3 Ke8 33. Qe3 Kf8 34.
Qa3+ Kg8 35. Qe7 Qc8 36. Nf4 Nc6 37. Nxg6 hxg6 38. Qd6 Nxd4 39. Bf6 Nxf6 40.
exf6 Nxf3 41. Qa3 Nd2 42. Qa8 Qxa8 43. Rxa8+ Kh7 44. g5 e5 45. Rf8 Ne4+ 46. Kg4
Nd6 47. Kf3 b5 48. Ke2 b4 49. Kd3 d4 50. Rd8 e4+ 51. Kxd4 Nb5+ 52. Kxe4 Nc7 53.
Rd7 Ne6 54. Rxf7+ Kg8 55. Re7 Nxg5+ 56. Kd5 1-0

[Event "Russian Higher League 2020"]
[Site "?"]
[Date "2020.10.17"]
[Round "9.4"]
[White "Lysyj, Igor"]
[Black "Artemiev, Vladislav"]
[Result "1/2-1/2"]
[WhiteElo "2593"]
[BlackElo "2716"]
[PlyCount "70"]
[EventDate "2020.??.??"]

1. d4 Nf6 2. c4 g6 3. Nc3 d5 4. cxd5 Nxd5 5. Bd2 Bg7 6. e4 Nb6 7. Be3 Nc6 8.
Bb5 O-O 9. Nge2 Na5 10. b3 e5 11. dxe5 a6 12. Bd3 Bxe5 13. O-O Nc6 14. Rc1 Be6
15. Bb1 Qxd1 16. Rfxd1 Rad8 17. f4 Bd6 18. Kf2 f6 19. Rxd6 Rxd6 20. Bc5 Rdd8
21. Bxf8 Kxf8 22. Ke3 Ke7 23. h3 Bf7 24. Nd1 a5 25. Nb2 Rc8 26. Nc3 Nb8 27. Bd3
N8d7 28. Be2 c6 29. h4 Nc5 30. Nd3 Nxd3 31. Bxd3 Ra8 32. Rb1 Nd7 33. Rc1 Nb6
34. Rb1 Nd7 35. Rc1 Nb6 1/2-1/2

[Event "Russian Higher League 2020"]
[Site "?"]
[Date "2020.10.17"]
[Round "9.5"]
[White "Riazantsev, Alexander"]
[Black "Predke, Alexandr"]
[Result "0-1"]
[WhiteElo "2638"]
[BlackElo "2676"]
[PlyCount "82"]
[EventDate "2020.??.??"]

1. d4 Nf6 2. c4 e6 3. Nf3 d5 4. Nc3 Nbd7 5. cxd5 exd5 6. Bg5 Bb4 7. Qc2 O-O 8.
e3 c5 9. Bd3 Qa5 10. O-O c4 11. Bf5 Re8 12. Nd2 g6 13. Bxd7 Nxd7 14. a3 Bxc3
15. bxc3 Nb6 16. f3 f6 17. Bh6 Bd7 18. h4 Ba4 19. Qb2 Bc6 20. Qc2 Re6 21. Bf4
Rae8 22. Rfe1 Na4 23. Rac1 Qd8 24. Nf1 Qe7 25. Ra1 g5 26. Bg3 b5 27. Bf2 Qf7
28. Rad1 Qg6 29. Qc1 g4 30. Ng3 gxf3 31. gxf3 Kh8 32. Kh2 Rg8 33. Rg1 Ree8 34.
e4 Qf7 35. Nf5 Qe6 36. Qh6 dxe4 37. Ng7 Qd6+ 38. Bg3 Qf8 39. Nf5 Nxc3 40. Be5
Qxh6 41. Nxh6 Rg6 0-1

[Event "Russian Higher League 2020"]
[Site "?"]
[Date "2020.10.17"]
[Round "9.6"]
[White "Paravyan, David"]
[Black "Ponkratov, Pavel"]
[Result "1-0"]
[WhiteElo "2653"]
[BlackElo "2628"]
[PlyCount "95"]
[EventDate "2020.??.??"]

1. d4 d5 2. Nf3 Nf6 3. Bf4 e6 4. Nbd2 Bd6 5. Bg5 h6 6. Bxf6 Qxf6 7. e4 Qd8 8.
c3 c5 9. Bb5+ Nc6 10. exd5 exd5 11. Qe2+ Qe7 12. dxc5 Bxc5 13. Nb3 Qxe2+ 14.
Kxe2 Bb6 15. Rhd1 a6 16. Bxc6+ bxc6 17. Ne5 Bb7 18. Kf1 f6 19. Ng6 Rg8 20. Re1+
Kf7 21. Re7+ Kxg6 22. Rxb7 Rgb8 23. Rd7 Rd8 24. Re7 a5 25. Rae1 a4 26. Nc1 Bc5
27. Rc7 Rac8 28. Rb7 Rb8 29. Rxb8 Rxb8 30. Nd3 Bf8 31. Re6 c5 32. Ra6 c4 33.
Nf4+ Kf5 34. Ne6 a3 35. b4 cxb3 36. axb3 Rc8 37. Nxf8 Rxf8 38. Rxa3 Rc8 39. b4
Ke4 40. Ke2 d4 41. f3+ Kd5 42. Kd3 dxc3 43. Rxc3 Rb8 44. Rb3 Rb5 45. Kc3 h5 46.
Ra3 Kc6 47. Ra6+ Kb7 48. Ra5 1-0

[Event "Russian Higher League 2020"]
[Site "?"]
[Date "2020.10.17"]
[Round "9.7"]
[White "Goryachkina, Aleksandra"]
[Black "Rakhmanov, Aleksandr"]
[Result "1/2-1/2"]
[WhiteElo "2582"]
[BlackElo "2646"]
[PlyCount "130"]
[EventDate "2020.??.??"]

1. d4 Nf6 2. c4 b6 3. Nc3 Bb7 4. Qc2 d5 5. cxd5 Nxd5 6. Nf3 g6 7. e4 Nxc3 8.
bxc3 Bg7 9. Bb5+ c6 10. Bd3 O-O 11. O-O c5 12. d5 Qd6 13. Bb2 Na6 14. Qe2 Nc7
15. c4 e5 16. Bc3 Bc8 17. Qb2 f6 18. Nd2 Bd7 19. f4 Ba4 20. fxe5 fxe5 21. Rxf8+
Rxf8 22. Rf1 Re8 23. Be2 Re7 24. Nf3 Bd7 25. h3 Ne8 26. Bd3 Qb8 27. Ra1 Ba4 28.
Ng5 Bf6 29. h4 h6 30. Nf3 Bg7 31. Rf1 Kh7 32. h5 gxh5 33. Nh4 Nd6 34. Be2 Be8
35. Qb1 Qd8 36. Qd3 Rf7 37. Nf5 Nxf5 38. exf5 e4 39. Qe3 Bxc3 40. Qxc3 Qg5 41.
Qe5 Re7 42. Qf4 Qxf4 43. Rxf4 Re5 44. d6 Kg8 45. Bxh5 Bd7 46. Bg6 e3 47. Kf1
Kg7 48. f6+ Kf8 49. Ke2 Re6 50. Bh5 Rxd6 51. Kxe3 Re6+ 52. Kd3 Rd6+ 53. Kc3 Be6
54. f7 Rd7 55. Rf6 Bxf7 56. Bxf7 Rxf7 57. Rxh6 Rg7 58. a4 Rg3+ 59. Kb2 Rxg2+
60. Kb3 Rg3+ 61. Kb2 Rg4 62. Kb3 Rg1 63. Kb2 Rg5 64. a5 bxa5 65. Ra6 Ke7
1/2-1/2

[Event "Russian Higher League 2020"]
[Site "?"]
[Date "2020.10.17"]
[Round "9.8"]
[White "Alekseev, Evgeny"]
[Black "Khismatullin, Denis"]
[Result "0-1"]
[WhiteElo "2626"]
[BlackElo "2604"]
[PlyCount "63"]
[EventDate "2020.??.??"]

1. c4 e5 2. Nc3 Nf6 3. Nf3 Nc6 4. d3 d5 5. cxd5 Nxd5 6. e3 Be6 7. Be2 Be7 8.
O-O O-O 9. Bd2 Ndb4 10. Qb1 a5 11. Rd1 Kh8 12. Nb5 f5 13. Bc3 Qd7 14. e4 Rad8
15. a3 Na6 16. d4 Bb3 17. Rd2 fxe4 18. Qxe4 Bd5 19. Qe3 e4 20. Ne5 Qe8 21. Qg3
Bf6 22. Ng4 Bg5 23. Ne3 Bf4 24. Qh4 Rf6 25. Rdd1 Qe6 26. Be1 Ne7 27. Qg4 Qf7
28. Nc3 Bxh2+ 29. Kxh2 Rg6 30. Qh4 Rh6 31. Qxh6 gxh6 32. Rdc1 0-1

[Event "Russian Higher League 2020"]
[Site "?"]
[Date "2020.10.17"]
[Round "9.9"]
[White "Pridorozhni, Aleksei"]
[Black "Lobanov, Sergei"]
[Result "0-1"]
[WhiteElo "2596"]
[BlackElo "2510"]
[PlyCount "108"]
[EventDate "2020.??.??"]

1. e4 e5 2. Nf3 Nc6 3. d4 exd4 4. Nxd4 Nf6 5. Nxc6 bxc6 6. e5 Qe7 7. Qe2 Nd5 8.
h4 f6 9. c4 Ba6 10. Rh3 Nb6 11. exf6 Qxe2+ 12. Bxe2 Bxc4 13. Bxc4 Nxc4 14. b3
Nb6 15. Bb2 gxf6 16. Bxf6 Rg8 17. Kf1 Nd5 18. Bb2 O-O-O 19. Rf3 a5 20. Nc3 Bg7
21. Nxd5 cxd5 22. Bxg7 Rxg7 23. Rd1 c6 24. Rd4 Kc7 25. g4 Re8 26. Rff4 Re5 27.
Kg2 c5 28. Rd2 d4 29. Kg3 Kc6 30. g5 Kd5 31. Kg4 h6 32. Rf5 Rxf5 33. Kxf5 hxg5
34. hxg5 Rf7+ 35. Kg4 Ke4 36. g6 Rf8 37. Re2+ Kd3 38. Re5 d6 39. Rf5 Rd8 40. f4
Ke4 41. Rf7 d3 42. Re7+ Kd4 43. Re1 d5 44. f5 c4 45. bxc4 dxc4 46. f6 c3 47. f7
d2 48. Rd1 Ke4 49. g7 c2 50. Rxd2 c1=Q 51. Rxd8 Qf4+ 52. Kh5 Qxf7+ 53. Kh6 Qf6+
54. Kh7 Qh4+ 0-1

[Event "Russian Higher League 2020"]
[Site "?"]
[Date "2020.10.17"]
[Round "9.10"]
[White "Iljiushenok, Ilia"]
[Black "Rozum, Ivan"]
[Result "1/2-1/2"]
[WhiteElo "2515"]
[BlackElo "2566"]
[PlyCount "102"]
[EventDate "2020.??.??"]

1. e4 c6 2. d4 d5 3. e5 c5 4. Nf3 cxd4 5. Qxd4 Nc6 6. Qf4 e6 7. Nc3 Nge7 8. Bd3
Ng6 9. Qg3 Nb4 10. h4 Nxd3+ 11. cxd3 h5 12. O-O Bd7 13. a3 Be7 14. Bg5 Bxg5 15.
hxg5 Qb6 16. Rab1 O-O-O 17. Rfc1 Kb8 18. Nxd5 Qb5 19. Nb4 a5 20. Nc2 Qxd3 21.
Ncd4 Be8 22. Rd1 Qe4 23. Re1 Qg4 24. Rbd1 Rd5 25. Kh2 Ba4 26. b3 Bd7 27. Nc2
Rxd1 28. Rxd1 Bc6 29. Ne3 Qxg3+ 30. Kxg3 Kc7 31. Nc4 h4+ 32. Kh3 Nf4+ 33. Kg4
Nxg2 34. Ncd2 h3 35. Kg3 Rd8 36. Rc1 Kb8 37. Rc3 Ne1 38. Kxh3 Rd3 39. Rxd3 Nxd3
40. Kg3 Bd5 41. g6 fxg6 42. Kg4 Nxf2+ 43. Kg5 Ne4+ 44. Nxe4 Bxe4 45. Nd4 Bf5
46. b4 axb4 47. axb4 Kc7 48. Kf4 Kd7 49. Kg5 Bd3 50. Kf4 Ke7 51. Kg5 Kd7
1/2-1/2

[Event "Russian Higher League 2020"]
[Site "?"]
[Date "2020.10.17"]
[Round "9.12"]
[White "Zabotin, Alexander"]
[Black "Sjugirov, Sanan"]
[Result "1/2-1/2"]
[WhiteElo "2486"]
[BlackElo "2675"]
[PlyCount "80"]
[EventDate "2020.??.??"]

1. d4 Nf6 2. Nf3 d5 3. c4 e6 4. Nc3 Nbd7 5. Bg5 Bb4 6. cxd5 exd5 7. e3 c5 8.
Qc2 Qa5 9. Bd3 c4 10. Bf5 O-O 11. O-O Re8 12. Nd2 Qa6 13. e4 dxe4 14. Ndxe4
Nxe4 15. Bxe4 Nf8 16. Nd5 Bd6 17. b3 cxb3 18. axb3 Qb5 19. Bf4 Bxf4 20. Nxf4
Bd7 21. Rfe1 Rac8 22. Qd3 Qb4 23. Nd5 Qd6 24. Ne3 b6 25. Nc4 Qc7 26. Ne5 Ng6
27. Nxd7 Qxd7 28. Bf5 Rxe1+ 29. Rxe1 Re8 30. Rxe8+ Qxe8 31. g3 Qd8 32. b4 a5
33. bxa5 bxa5 34. d5 Qd6 35. Qb5 Qd8 36. Bxg6 hxg6 37. Qc6 a4 38. d6 Kf8 39.
Qxa4 Qxd6 40. Qa8+ Ke7 1/2-1/2

[Event "Russian Higher League 2020"]
[Site "?"]
[Date "2020.10.17"]
[Round "9.13"]
[White "Kardashevskiy, Evgeny"]
[Black "Sarana, Alexey"]
[Result "0-1"]
[WhiteElo "2449"]
[BlackElo "2657"]
[PlyCount "90"]
[EventDate "2020.??.??"]

1. d4 Nf6 2. Nf3 d5 3. c4 e6 4. Nc3 Be7 5. Bf4 O-O 6. e3 Nbd7 7. Be2 dxc4 8.
O-O Nb6 9. Ne5 Nfd5 10. Bg3 c5 11. Nxc4 Nxc4 12. Bxc4 Nb6 13. Bb3 cxd4 14. exd4
Bf6 15. Be5 Bd7 16. Qh5 Bc6 17. Rad1 Qe7 18. Rd3 Rad8 19. Rh3 h6 20. Rg3 Bxe5
21. Qxe5 g6 22. Re1 Qd6 23. Qf6 Qxd4 24. Re5 Be4 25. Qf4 Bd3 26. Rg4 Qxf4 27.
Rxf4 Kg7 28. Rb4 Rd6 29. Ra5 a6 30. Rc5 Nd7 31. Rc7 b6 32. Ne4 Bxe4 33. Rxe4
Nc5 34. Re1 Rfd8 35. Bc4 Rd2 36. b4 Nd3 37. Rb1 Rc2 38. Bxd3 Rxc7 39. Bxa6 Rd2
40. a4 Ra2 41. a5 bxa5 42. b5 Rac2 43. b6 Rc1+ 44. Bf1 Rxb1 45. bxc7 Rc1 0-1

[Event "Russian Higher League 2020"]
[Site "?"]
[Date "2020.10.17"]
[Round "9.14"]
[White "Demchenko, Anton"]
[Black "Samusenko, Maksim"]
[Result "1-0"]
[WhiteElo "2632"]
[BlackElo "2459"]
[PlyCount "93"]
[EventDate "2020.??.??"]

1. e4 d5 2. exd5 Nf6 3. Nf3 Bg4 4. Bb5+ Nbd7 5. h3 Bh5 6. Nc3 a6 7. Be2 Nb6 8.
O-O Nbxd5 9. Nxd5 Nxd5 10. d4 e6 11. c4 Nf6 12. Bf4 Bd6 13. Ne5 Bxe2 14. Qxe2
O-O 15. Rad1 Nd7 16. c5 Bxe5 17. dxe5 Qe7 18. Bg5 f6 19. exf6 Nxf6 20. c6 bxc6
21. Rfe1 Rab8 22. Bc1 Nd5 23. Qxe6+ Qxe6 24. Rxe6 Rf6 25. Re4 Rd6 26. a3 Rb5
27. Rde1 Rc5 28. Kf1 Kf7 29. g3 Rf6 30. Be3 Rc2 31. Re2 Nxe3+ 32. R4xe3 Rxe2
33. Kxe2 c5 34. Rf3 Ke6 35. Rxf6+ gxf6 36. Kd3 Kd5 37. b3 Ke5 38. f3 h5 39. Kc4
Kd6 40. g4 h4 41. f4 Kc6 42. a4 Kd6 43. a5 Kc6 44. g5 fxg5 45. fxg5 Kd6 46. g6
Ke6 47. Kxc5 1-0

[Event "Russian Higher League 2020"]
[Site "?"]
[Date "2020.10.17"]
[Round "9.15"]
[White "Zvjaginsev, Vadim"]
[Black "Rodchenkov, Vitaly"]
[Result "1-0"]
[WhiteElo "2617"]
[BlackElo "2321"]
[PlyCount "75"]
[EventDate "2020.??.??"]

1. e4 c6 2. d4 d5 3. f3 Qb6 4. Nc3 e6 5. a3 Nf6 6. e5 Nfd7 7. f4 c5 8. Nf3 Nc6
9. dxc5 Bxc5 10. Bd3 f6 11. Na4 Qc7 12. exf6 gxf6 13. Nxc5 Nxc5 14. Be3 Nxd3+
15. Qxd3 Ne7 16. O-O Bd7 17. Rae1 a6 18. Bd4 O-O 19. Nh4 Qc4 20. Qg3+ Kh8 21.
c3 Nc6 22. Nf3 Nxd4 23. Nxd4 Rae8 24. Rf3 Rf7 25. Rfe3 Qc5 26. Qh4 Qd6 27. Qh6
Bc8 28. h3 Bd7 29. Kh1 Bc8 30. Nf5 Qc7 31. Nh4 Rg8 32. f5 e5 33. Ng6+ Rxg6 34.
fxg6 Rg7 35. gxh7 Qe7 36. Rf3 f5 37. Qe3 e4 38. Rg3 1-0

[Event "Russian Higher League 2020"]
[Site "?"]
[Date "2020.10.17"]
[Round "9.16"]
[White "Lintchevski, Daniil"]
[Black "Yuffa, Daniil"]
[Result "1/2-1/2"]
[WhiteElo "2559"]
[BlackElo "2583"]
[PlyCount "160"]
[EventDate "2020.??.??"]

1. e4 c5 2. c3 Nf6 3. e5 Nd5 4. d4 cxd4 5. Nf3 Nc6 6. cxd4 d6 7. Bc4 Nb6 8. Bb5
Bd7 9. Nc3 e6 10. O-O a6 11. Bd3 Be7 12. exd6 Bxd6 13. Bg5 Be7 14. Bxe7 Nxe7
15. Ne5 O-O 16. Be4 Bc6 17. Nxc6 Nxc6 18. Bxc6 bxc6 19. Rc1 Nd5 20. Na4 Ne7 21.
Qd2 Rb8 22. b3 a5 23. Rc4 Rb5 24. Nc5 Qd5 25. Rfc1 Nf5 26. Na4 Nh4 27. f3 Rb4
28. Qf4 Ng6 29. Qe3 Rd8 30. Nc3 Qd7 31. Ne2 Ne7 32. Qe5 Rb5 33. Qe3 Rd5 34. Qc3
Qa7 35. f4 h5 36. h3 h4 37. Kh2 Qb8 38. Qf3 Rf5 39. Kh1 Nd5 40. Rc5 Nxf4 41.
Rxf5 Nxe2 42. Qxe2 exf5 43. Qf2 f4 44. Rxc6 Re8 45. Rc1 Re3 46. Qxh4 f3 47. Rf1
fxg2+ 48. Kxg2 Qa8+ 49. Kg1 Qd5 50. Qg4 g6 51. Qc8+ Kg7 52. Qg4 f5 53. Qh4 Re4
54. Qf2 Rxd4 55. Qe3 Re4 56. Qc3+ Kh6 57. Re1 Rd4 58. Qe3+ f4 59. Qf2 g5 60.
Qb2 f3 61. Qc3 Kh5 62. Rf1 g4 63. Qc2 Re4 64. Rd1 Qe5 65. hxg4+ Kxg4 66. Kf1
Qe6 67. Qd3 Re2 68. Qd4+ Kg3 69. Qg7+ Qg4 70. Qxg4+ Kxg4 71. a4 Kf4 72. Rd5 Re5
73. Rb5 Ke4 74. Kf2 Rxb5 75. axb5 Kd5 76. Kxf3 Kc5 77. Ke3 Kxb5 78. Kd2 Kb4 79.
Kc2 a4 80. bxa4 Kxa4 1/2-1/2

[Event "Russian Higher League 2020"]
[Site "?"]
[Date "2020.10.17"]
[Round "9.17"]
[White "Klimentov, Evgeny"]
[Black "Kobalia, Mikhail"]
[Result "0-1"]
[WhiteElo "2222"]
[BlackElo "2614"]
[PlyCount "74"]
[EventDate "2020.??.??"]

1. e4 c5 2. Nf3 e6 3. d4 cxd4 4. Nxd4 Nc6 5. Nc3 a6 6. Be3 Nf6 7. f3 Be7 8. Qd2
Qc7 9. g4 O-O 10. O-O-O b5 11. g5 Ne8 12. h4 Ne5 13. h5 Bb7 14. g6 fxg6 15.
hxg6 Nxg6 16. Bh3 Qe5 17. Rdg1 Nd6 18. Bf1 Rac8 19. Rg4 b4 20. Nd1 Nc4 21. Bxc4
Rxc4 22. b3 Rc7 23. Nb2 Rfc8 24. Kb1 Bf6 25. Nd3 Qd6 26. Qxb4 Qxb4 27. Nxb4 Rc3
28. Bf2 Ne5 29. Rg3 a5 30. Nb5 Rxf3 31. Rxf3 Nxf3 32. Nd6 axb4 33. Nxb7 Nd2+
34. Kc1 Nxe4 35. Be3 Ra8 36. Nc5 Nxc5 37. Bxc5 Rxa2 0-1

[Event "Russian Higher League 2020"]
[Site "?"]
[Date "2020.10.17"]
[Round "9.18"]
[White "Nesterov, Arseniy"]
[Black "Shuvalova, Polina"]
[Result "0-1"]
[WhiteElo "2510"]
[BlackElo "2441"]
[PlyCount "156"]
[EventDate "2020.??.??"]

1. d4 Nf6 2. c4 e6 3. Nc3 Bb4 4. Qc2 O-O 5. e4 d5 6. e5 Ne4 7. Bd3 c5 8. Nf3
cxd4 9. Nxd4 Nd7 10. Bf4 Ndc5 11. O-O Nxd3 12. Qxd3 Bxc3 13. bxc3 b6 14. cxd5
Qxd5 15. Rfd1 Bb7 16. c4 Qa5 17. f3 Nc5 18. Qe3 Rad8 19. Bg5 Rd7 20. Nb5 h6 21.
Rxd7 Nxd7 22. Be7 Re8 23. Bh4 Bc6 24. Be1 Qa4 25. Nd6 Rb8 26. Qf4 Rf8 27. Bc3
b5 28. Qd4 b4 29. Bb2 Qc2 30. Rc1 Qe2 31. Qf2 Qd3 32. Qd4 Qg6 33. Qe3 a5 34. c5
a4 35. Nc4 a3 36. Bd4 Nb8 37. Na5 Rc8 38. Kf2 Bd5 39. Qd2 Qg5 40. Be3 Qxe5 41.
Qxb4 Qxh2 42. Qg4 f5 43. Qg3 Qxg3+ 44. Kxg3 e5 45. Kh2 f4 46. Bf2 Bxa2 47. Ra1
Bd5 48. Rxa3 Kf7 49. Nb3 Nc6 50. Nd2 Rb8 51. Rd3 Ke6 52. Ne4 Rb2 53. Kg1 Rb1+
54. Kh2 Rc1 55. Nd6 Rc2 56. Kg1 Nb4 57. Rd1 Bc6 58. Nc8 Bd5 59. Nd6 Bc6 60. Nc8
Nd5 61. Nb6 g5 62. Nxd5 Bxd5 63. Re1 Rc4 64. Rb1 e4 65. fxe4 Bxe4 66. Rb6+ Kf5
67. Rxh6 Rc1+ 68. Kh2 Rc2 69. Kg1 g4 70. Rh5+ Kf6 71. Bh4+ Ke6 72. Rh6+ Ke5 73.
Rh5+ Kd4 74. Bf2+ Kd3 75. Rg5 g3 76. Be1 Rxg2+ 77. Kf1 Ke3 78. Re5 Rh2 0-1

[Event "Russian Higher League 2020"]
[Site "?"]
[Date "2020.10.17"]
[Round "9.21"]
[White "Belyakov, Bogdan"]
[Black "Tugarin, Anton"]
[Result "1/2-1/2"]
[WhiteElo "2458"]
[BlackElo "2224"]
[PlyCount "54"]
[EventDate "2020.??.??"]

1. e4 e6 2. d4 d5 3. Nc3 Bb4 4. exd5 exd5 5. Bd3 Nf6 6. a3 Be7 7. Qf3 O-O 8. h3
c6 9. Nge2 b6 10. O-O Ba6 11. Bf5 Re8 12. Re1 Nbd7 13. h4 Nf8 14. h5 Bc8 15.
Ng3 g6 16. Bh6 Bxf5 17. Nxf5 gxf5 18. Qxf5 Qd7 19. Qg5+ Ng6 20. hxg6 hxg6 21.
Qd2 Bd6 22. Bf4 Bxf4 23. Qxf4 Kg7 24. Re5 Ng4 25. Rg5 Nf6 26. Re5 Ng4 27. Rg5
Nf6 1/2-1/2

[Event "Russian Higher League 2020"]
[Site "?"]
[Date "2020.10.17"]
[Round "9.22"]
[White "Rodin, Dmitrij"]
[Black "Makarian, Rudik"]
[Result "1/2-1/2"]
[WhiteElo "2388"]
[BlackElo "2441"]
[PlyCount "81"]
[EventDate "2020.??.??"]

1. e4 c5 2. Nf3 e6 3. d4 cxd4 4. Nxd4 a6 5. Bd3 Nf6 6. O-O d6 7. Nc3 Be7 8. Be3
Qc7 9. f4 Nbd7 10. Qf3 b5 11. Rae1 Bb7 12. a3 Rc8 13. Qh3 Nc5 14. Bf2 O-O 15.
Nf3 d5 16. e5 Nfe4 17. Bxc5 Qxc5+ 18. Kh1 g6 19. Bxe4 dxe4 20. Nd2 Rfd8 21.
Ndxe4 Bxe4 22. Nxe4 Qxc2 23. b4 Rc4 24. Nf6+ Bxf6 25. exf6 Qf5 26. Qh4 Rd2 27.
Qh6 Qxf6 28. f5 Rcc2 29. fxe6 Rf2 30. exf7+ Qxf7 31. Rxf2 Rxf2 32. Kg1 Ra2 33.
Qe3 Qd5 34. Qe8+ Kg7 35. Qe7+ Kh6 36. Qe3+ Qg5 37. Qh3+ Kg7 38. Qc3+ Kh6 39.
Qh3+ Qh5 40. Qe3+ Qg5 41. Qh3+ 1/2-1/2

[Event "Russian Higher League 2020"]
[Site "?"]
[Date "2020.10.17"]
[Round "9.23"]
[White "Obgolts, Erik"]
[Black "Ibadov, Dashgyn"]
[Result "1/2-1/2"]
[WhiteElo "2376"]
[BlackElo "2296"]
[PlyCount "86"]
[EventDate "2020.??.??"]

1. d4 d5 2. Nf3 Nf6 3. Bf4 c5 4. e3 Nc6 5. Nbd2 Bf5 6. c3 e6 7. Qb3 Qc8 8. Be2
Be7 9. O-O h6 10. dxc5 Bxc5 11. c4 O-O 12. cxd5 Nxd5 13. Bg3 Nf6 14. Rac1 Be7
15. Ne5 Rd8 16. Ndf3 Ne4 17. Qa4 Nxg3 18. hxg3 Qb8 19. Rxc6 bxc6 20. Nxc6 Qc7
21. Nxd8 Rxd8 22. Nd4 Bf6 23. Nxf5 exf5 24. b4 Rd2 25. Qe8+ Kh7 26. Bf3 g6 27.
a4 Kg7 28. b5 h5 29. Qc6 Qd8 30. Rc1 h4 31. gxh4 f4 32. Qc7 fxe3 33. fxe3 Bxh4
34. Qxd8 Bxd8 35. Rc8 Bb6 36. Re8 f5 37. Kf1 Ra2 38. e4 Rxa4 39. e5 Kf7 40. Bc6
Bc5 41. e6+ Kf6 42. Ke2 Ra3 43. Kd2 Ke5 1/2-1/2

[Event "Russian Higher League 2020"]
[Site "?"]
[Date "2020.10.17"]
[Round "9.24"]
[White "Sergeyev, Alexander"]
[Black "Lugovskoy, Maxim"]
[Result "1/2-1/2"]
[WhiteElo "2374"]
[BlackElo "2420"]
[PlyCount "27"]
[EventDate "2020.??.??"]

1. d4 d5 2. c4 e6 3. Nc3 Nf6 4. Bg5 Be7 5. e3 O-O 6. Nf3 Nbd7 7. Qc2 c6 8. a3
Re8 9. Bd3 Nf8 10. O-O N6d7 11. Bf4 Nf6 12. Bg5 N6d7 13. Bf4 Nf6 14. Bg5
1/2-1/2